01458nam a2200349 a 4500001001200000003000800012006001900020007001500039008004100054010001700095020004300112020004000155040002100195035002100216050002200237082001200259100002100271245008100292260005300373300003300426490005700459504006800516533015200584650004700736650005500783650002200838655002900860710001700889830005900906856012600965999001701091ebr10329861CaPaEBRm u cr cn|||||||||090519s2009 gw ab sb 001 0 eng  z 2009020637 z9783110219333 (hardcover : alk. paper) z3110219336 (hardcover : alk. paper) aCaPaEBRcCaPaEBR a(OCoLC)64682891114aP281b.W65 2009eb04a4152221 aWohlgemuth, Jan.12aA typology of verbal borrowingsh[electronic resource] /cby Jan Wohlgemuth. aBerlin ;aNew York :bMouton de Gruyter,cc2009. axxxii, 459 p. :bill., maps.1 aTrends in linguistics. Studies and monographs ;v211 aIncludes bibliographical references (p. [391]-442) and indexes. aElectronic reproduction.bPalo Alto, Calif. :cebrary,d2013.nAvailable via World Wide Web.nAccess may be limited to ebrary affiliated libraries. 0aGrammar, Comparative and generalxVerbals. 0aLanguage and languagesxForeign words and phrases. 0aSociolinguistics. 7aElectronic books.2local2 aebrary, Inc. 0aTrends in linguistics.pStudies and monographs ;v211.40uhttp://site.ebrary.com/lib/rucke/Doc?id=10329861zAn electronic book accessible through the World Wide Web; click to view c55389d55389